| 000 | 00724nam a22002057a 4500 | ||
|---|---|---|---|
| 999 |
_c4377 _d4377 |
||
| 003 | AR-CdUCM | ||
| 008 | 190308b ||||| |||| 00| 0 spa d | ||
| 040 |
_aMUNICIPALIDAD PROVINCIAL DEL CUSCO _cBIBLIOTECA MUNICIPAL DEL CUSCO |
||
| 082 |
_a346.4685 / _bP4 |
||
| 110 |
_aBiblioteca Nacional del Perú _9732 |
||
| 245 | _aLegislación nacional sobre derechos de autor / | ||
| 260 |
_aLima : _bBiblioteca Nacional del Perú, _c1989. |
||
| 300 |
_a219 páginas ; _c21 cm. |
||
| 505 | _aContenido: Antecedente legislativo -- Legislación vigente -- Tratados y convenios internacionales. | ||
| 650 |
_aDerecho del autor _913823 |
||
| 650 |
_aLegislación _92962 |
||
| 650 |
_aPerú _935 |
||
| 942 |
_2ddc _cLIBROS |
||
| 945 | _araen | ||